| 000 | 01313cam a2200349Ia 4500 | ||
|---|---|---|---|
| 001 | CRC00062565PDF | ||
| 003 | BD-DhSAU | ||
| 005 | 20151012144259.0 | ||
| 006 | m|||||o||d|||||||| | ||
| 007 | cr|||| | ||
| 008 | 090618s2009 fluafd sb 001 0 eng d | ||
| 020 | _a9781420062571 (ebook : PDF) | ||
| 040 |
_aBD-DhSAU _cBD-DhSAU |
||
| 090 |
_aTP352 _b.A38 2009 |
||
| 092 |
_a660.2995 _bA244 |
||
| 245 | 0 | 0 |
_aAdvances in Fischer-Tropsch synthesis, catalysts, and catalysis _h[electronic resource] / _c[editors], Burtron H. Davis, Mario L. Occelli. |
| 260 |
_aBoca Raton : _bCRC Press, _cc2009. |
||
| 300 |
_axx, 403 p., [2] p. of plates : _bill. (some col.). |
||
| 490 | 1 |
_aChemical industries ; _v128 |
|
| 504 | _aIncludes bibliographical references and index. | ||
| 530 | _aAlso available in print edition. | ||
| 538 | _aMode of access: World Wide Web. | ||
| 650 | 0 | _aFischer-Tropsch process. | |
| 650 | 0 | _aCatalysts. | |
| 655 | 7 |
_aElectronic books. _2lcsh |
|
| 700 | 1 |
_aDavis, Burtron H., _d1934- |
|
| 700 | 1 |
_aOccelli, Mario L., _d1942- |
|
| 776 | 1 | _z9781420062564 | |
| 776 | 1 | _z1420062565 | |
| 830 | 0 |
_aChemical industries ; _vv. 128. |
|
| 856 | 4 | 0 |
_uhttp://marc.crcnetbase.com/isbn/9781420062571 _qapplication/PDF |
| 999 |
_c11027 _d11026 |
||